Encyclopaedia of social history of India : (Record no. 10330)

MARC details
000 -LEADER
fixed length control field 00587cam a2200205ua 4500
001 - CONTROL NUMBER
control field 11517
005 - DATE AND TIME OF LATEST TRANSACTION
control field 20260515114748.0
008 - FIXED-LENGTH DATA ELEMENTS--GENERAL INFORMATION
fixed length control field 190927n ii |||gr||||Z||||||eng
020 ## - INTERNATIONAL STANDARD BOOK NUMBER
International Standard Book Number 9788131104620
040 ## - CATALOGING SOURCE
Transcribing agency MAIN
082 ## - DEWEY DECIMAL CLASSIFICATION NUMBER
Classification number 954.03
100 ## - MAIN ENTRY--PERSONAL NAME
Personal name Shiv Gajrani . ,
Relator term Author.
245 ## - TITLE STATEMENT
Title Encyclopaedia of social history of India :
Remainder of title society in ancient India /
Statement of responsibility, etc. By Shiv Gajrani .
250 ## - EDITION STATEMENT
Edition statement 1st ed. /
Remainder of edition statement Vol.1.
260 ## - PUBLICATION, DISTRIBUTION, ETC.
Place of publication, distribution, etc. New Delhi:
Name of publisher, distributor, etc. Commonwealth publishers,
Date of publication, distribution, etc. 2013.
300 ## - PHYSICAL DESCRIPTION
Extent 398p.
653 ## - INDEX TERM--UNCONTROLLED
Uncontrolled term South Asia India
653 ## - INDEX TERM--UNCONTROLLED
Uncontrolled term social history of India
942 ## - ADDED ENTRY ELEMENTS (KOHA)
Koha item type Books
Holdings
Withdrawn status Lost status Damaged status Not for loan Home library Current library Shelving location Date acquired Total checkouts Full call number Barcode Date last seen Copy number Price effective from Koha item type
        Naharkatiya College Library Naharkatiya College Library General stacks 09/19/2020   954.03History of India | GAJ 27027 09/19/2020 1 09/19/2020 Books